[Event "Athens Papanastasio 03rd"]
[Site "Athens"]
[Date "2008.12.14"]
[Round "7"]
[White "Vizantiadis, Lazaros"]
[Black "Forgacs, Gyula"]
[Result "0-1"]
[WhiteElo "2235"]
[BlackElo "2340"]
[PlyCount "64"]
[EventDate "2008.12.07"]
[EventType "tourn"]
[EventRounds "9"]
[EventCountry "GRE"]
[SourceTitle "EXT 2024"]
[Source "ChessBase"]
[SourceDate "2023.10.10"]
[SourceVersion "1"]
[SourceVersionDate "2023.10.10"]
[SourceQuality "1"]

1. d4 Nf6 2. Nf3 g6 3. Bg5 Bg7 4. Nbd2 d6 5. e4 h6 6. Bh4 g5 7. Bg3 Nh5 8. c3 e6 9. Bc4 Qe7 10. 0-0 Nc6 11. Re1 Nxg3 12. hxg3 h5 13. d5 Ne5 14. Nxe5 Bxe5 15. Nf3 g4 16. Nxe5 dxe5 17. Bb5+ Kf8 18. Bc4 h4 19. Qd3 exd5 20. exd5 Bd7 21. Rad1 hxg3 22. Qxg3 Re8 23. d6 cxd6 24. Qd3 Qh4 25. Qxd6+ Re7 26. Kf1 Qh1+ 27. Ke2 Qxg2 28. Bd5 Bb5+ 29. c4 Bxc4+ 30. Bxc4 Qe4+ 31. Kd2 Qxc4 32. Rc1 Qe6 0-1

[Event "HUN-chT"]
[Site "Hungary"]
[Date "1992.??.??"]
[Round "?"]
[White "Besztercsenyi, Tibor"]
[Black "Forgacs, Gyula"]
[Result "1/2-1/2"]
[WhiteElo "2275"]
[BlackElo "2310"]
[PlyCount "42"]
[EventDate "1992.??.??"]
[EventType "team"]
[EventRounds "14"]
[EventCountry "HUN"]
[SourceTitle "EXT 2000"]
[Source "ChessBase"]
[SourceDate "1999.11.16"]
[SourceVersion "1"]
[SourceVersionDate "1999.11.16"]
[SourceQuality "1"]

1. e4 e5 2. Nf3 Nc6 3. Bb5 f5 4. d4 fxe4 5. Nxe5 Nxe5 6. dxe5 c6 7. Bc4 Qa5+ 8. Nc3 Qxe5 9. Bxg8 Rxg8 10. Qe2 d5 11. f3 Bf5 12. fxe4 Bxe4 13. Nxe4 Qxe4 14. Qxe4+ dxe4 15. Ke2 0-0-0 16. Be3 Kb8 17. Rhf1 Bd6 18. Bf4 Rge8 19. Rad1 Bxf4 20. Rxd8+ Rxd8 21. Rxf4 Rd7 1/2-1/2

[Event "HUN-chT"]
[Site "Hungary"]
[Date "1992.??.??"]
[Round "?"]
[White "Forgacs, Gyula"]
[Black "Bagonyai, Attila"]
[Result "0-1"]
[WhiteElo "2310"]
[BlackElo "2280"]
[PlyCount "118"]
[EventDate "1992.??.??"]
[EventType "team"]
[EventRounds "14"]
[EventCountry "HUN"]
[SourceTitle "EXT 2000"]
[Source "ChessBase"]
[SourceDate "1999.11.16"]
[SourceVersion "1"]
[SourceVersionDate "1999.11.16"]
[SourceQuality "1"]

1. e4 e6 2. d3 d5 3. Nd2 Nc6 4. Ngf3 Nf6 5. g3 dxe4 6. dxe4 Bc5 7. Bg2 e5 8. 0-0 0-0 9. c3 a5 10. Qe2 b6 11. Nc4 Ba6 12. Bg5 Qe7 13. Nfd2 Qe6 14. Rfd1 Ne8 15. Bf1 Nd6 16. b3 Nxc4 17. Nxc4 b5 18. Nxa5 b4 19. Qe1 Bxf1 20. Nxc6 Bh3 21. cxb4 Bb6 22. Ne7+ Kh8 23. Nf5 g6 24. Ne3 Bd4 25. Nd5 f6 26. Rxd4 exd4 27. Bc1 g5 28. f3 Ra7 29. b5 c6 30. bxc6 Qxc6 31. Bb2 Rxa2 32. Rc1 Qb5 33. Bxd4 Qd3 34. Qe3 Rg2+ 35. Kh1 Qxe3 36. Bxe3 Ra8 37. Nc3 Rb2 38. Bd4 Bg2+ 39. Kg1 Bxf3 40. Bxf6+ Kg8 41. Bxg5 Rc8 42. b4 Rg2+ 43. Kf1 Rxh2 44. Be3 Rh1+ 45. Bg1 Bxe4 46. b5 Bb7 47. b6 Rc6 48. Ke2 Rxg1 49. Rxg1 Rxc3 50. Kf2 Rf3+ 51. Kg2 Rb3+ 52. Kh3 Rxb6 53. Rc1 Kg7 54. Rc5 Rc6 55. Ra5 Bc8+ 56. Kh4 Rc4+ 57. Kh5 Bg4+ 58. Kh4 Be6+ 59. Kh5 h6 0-1

[Event "HUN-chT"]
[Site "Hungary"]
[Date "1992.??.??"]
[Round "?"]
[White "Forgacs, Gyula"]
[Black "Dely, Peter"]
[Result "1/2-1/2"]
[WhiteElo "2310"]
[BlackElo "2430"]
[PlyCount "55"]
[EventDate "1992.??.??"]
[EventType "team"]
[EventRounds "14"]
[EventCountry "HUN"]
[SourceTitle "EXT 2000"]
[Source "ChessBase"]
[SourceDate "1999.11.16"]
[SourceVersion "1"]
[SourceVersionDate "1999.11.16"]
[SourceQuality "1"]

1. f4 Nf6 2. Nf3 g6 3. b3 Bg7 4. Bb2 0-0 5. e3 b6 6. Be2 Bb7 7. 0-0 d6 8. Qe1 e5 9. fxe5 Nfd7 10. Qg3 Nc6 11. d4 dxe5 12. Ba3 exd4 13. Bxf8 Nxf8 14. Bc4 dxe3 15. Ng5 e2 16. Rxf7 Qd4+ 17. Kh1 Qxa1 18. Qh4 e1Q+ 19. Rf1+ Kh8 20. Nf7+ Kg8 21. Qxe1 Na5 22. Qh4 h5 23. Ng5+ Nxc4 24. Qxc4+ Kh8 25. Nf7+ Kh7 26. Ng5+ Kh8 27. Nf7+ Kh7 28. Ng5+ 1/2-1/2

[Event "Sankt Augustin"]
[Site "Sankt Augustin"]
[Date "1990.??.??"]
[Round "11"]
[White "Forgacs, Gyula"]
[Black "Kaeser, Udo"]
[Result "1/2-1/2"]
[WhiteElo "2325"]
[BlackElo "2270"]
[PlyCount "81"]
[EventDate "1990.??.??"]
[EventType "tourn"]
[EventRounds "11"]
[EventCountry "GER"]
[EventCategory "4"]
[SourceTitle "CBM 020 Extra"]
[Source "ChessBase"]
[SourceDate "1991.03.01"]
[SourceVersion "1"]
[SourceVersionDate "1991.03.01"]
[SourceQuality "1"]

1. e4 e5 2. f4 Nc6 3. Nf3 f5 4. exf5 exf4 5. d4 d5 6. Bd3 Bd6 7. 0-0 Qf6 8. Nc3 Nge7 9. Nb5 Bxf5 10. Nxd6+ Qxd6 11. Bxf5 Nxf5 12. Re1+ Nfe7 13. Ng5 0-0 14. Qh5 Qg6 15. Qxg6 Nxg6 16. c3 Rae8 17. Bd2 h6 18. Ne6 Rf7 19. Nc5 Rxe1+ 20. Rxe1 b6 21. Re6 Nge7 22. Na6 Nd8 23. Re1 c6 24. Bxf4 Rxf4 25. Rxe7 Rf7 26. Re8+ Rf8 27. Re5 Rf6 28. Nb4 Kf7 29. Nd3 Ne6 30. b4 b5 31. Re1 Ke7 32. g3 Kd6 33. Kg2 Rf8 34. a4 bxa4 35. Ra1 Ng5 36. Rxa4 Rf7 37. Ne5 Rc7 38. Ra5 Ne4 39. c4 dxc4 40. Nxc4+ Kd7 41. Ne5+ 1/2-1/2

[Event "Wiesbaden op"]
[Site "Wiesbaden"]
[Date "1990.??.??"]
[Round "?"]
[White "Forgacs, Gyula"]
[Black "Zimmermann, Frank"]
[Result "1/2-1/2"]
[WhiteElo "2325"]
[BlackElo "2240"]
[PlyCount "40"]
[EventDate "1990.??.??"]
[EventType "swiss"]
[EventRounds "9"]
[EventCountry "GER"]
[SourceTitle "GER"]
[Source "ChessBase"]
[SourceDate "1999.07.01"]
[SourceVersion "1"]
[SourceVersionDate "1999.07.01"]
[SourceQuality "1"]

1. e4 Nf6 2. d3 e5 3. Nf3 Nc6 4. c3 d5 5. Nbd2 a5 6. Be2 Bc5 7. 0-0 0-0 8. Nxe5 Nxe5 9. d4 Bb6 10. dxe5 Nxe4 11. Nxe4 dxe4 12. Qxd8 Rxd8 13. Bc4 Re8 14. Bf4 h6 15. Rfe1 g5 16. Bg3 Bf5 17. Bd5 e3 18. Bxb7 exf2+ 19. Bxf2 Bxf2+ 20. Kxf2 Rab8 1/2-1/2

[Event "Sankt Augustin"]
[Site "Sankt Augustin"]
[Date "1990.??.??"]
[Round "2"]
[White "Wintzer, Joachim"]
[Black "Forgacs, Gyula"]
[Result "1/2-1/2"]
[WhiteElo "2315"]
[BlackElo "2325"]
[PlyCount "84"]
[EventDate "1990.??.??"]
[EventType "tourn"]
[EventRounds "11"]
[EventCountry "GER"]
[EventCategory "4"]
[SourceTitle "CBM 020 Extra"]
[Source "ChessBase"]
[SourceDate "1991.03.01"]
[SourceVersion "1"]
[SourceVersionDate "1991.03.01"]
[SourceQuality "1"]

1. c4 Nf6 2. Nc3 g6 3. e4 d6 4. d4 Bg7 5. f3 c6 6. Be3 a6 7. c5 b5 8. cxd6 exd6 9. Bd3 0-0 10. Nge2 Nbd7 11. 0-0 Nb6 12. Qd2 Nc4 13. Bxc4 bxc4 14. Bh6 Bxh6 15. Qxh6 Rb8 16. Rab1 Re8 17. g4 Qb6 18. g5 Nh5 19. Kh1 Bh3 20. Rf2 Qa5 21. f4 d5 22. f5 dxe4 23. f6 Qb4 24. Nf4 e3 25. Re2 Bg4 26. Nxh5 Qf8 27. Qxf8+ Kxf8 28. Ng3 Bxe2 29. Ngxe2 h6 30. gxh6 Kg8 31. Nd1 Re6 32. Rc1 Rxf6 33. Kg2 Rb5 34. Rc2 Rg5+ 35. Ng3 Rd5 36. Nxe3 Rxd4 37. Nxc4 Kh7 38. b3 Kxh6 39. Na5 Rfd6 40. Nf1 Rg4+ 41. Ng3 Rgd4 42. Nf1 Rg4+ 1/2-1/2

[Event "Wiesbaden op"]
[Site "Wiesbaden"]
[Date "1990.??.??"]
[Round "?"]
[White "Womacka, Mathias"]
[Black "Forgacs, Gyula"]
[Result "1-0"]
[WhiteElo "2405"]
[BlackElo "2325"]
[PlyCount "21"]
[EventDate "1990.??.??"]
[EventType "swiss"]
[EventRounds "9"]
[EventCountry "GER"]
[SourceTitle "GER"]
[Source "ChessBase"]
[SourceDate "1999.07.01"]
[SourceVersion "1"]
[SourceVersionDate "1999.07.01"]
[SourceQuality "1"]

1. e4 e5 2. Nf3 Nc6 3. Bc4 f5 4. d4 fxe4 5. Nxe5 d5 6. Bb5 Qh4 7. Nxc6 Bd7 8. g3 Qf6 9. Qh5+ g6 10. Qxd5 bxc6 11. Qxe4+ 1-0

[Event "Caorle op"]
[Site "Caorle"]
[Date "1989.??.??"]
[Round "1"]
[White "Anibas, Juergen"]
[Black "Forgacs, Gyula"]
[Result "0-1"]
[WhiteElo "2000"]
[BlackElo "2340"]
[PlyCount "92"]
[EventDate "1989.07.??"]
[EventType "swiss"]
[EventRounds "8"]
[EventCountry "ITA"]
[SourceTitle "EXT 2000"]
[Source "ChessBase"]
[SourceDate "1999.11.16"]
[SourceVersion "1"]
[SourceVersionDate "1999.11.16"]
[SourceQuality "1"]

1. e4 c5 2. Nf3 Nc6 3. d4 cxd4 4. Nxd4 Nf6 5. Nc3 e5 6. Nf5 d5 7. exd5 Bxf5 8. dxc6 Qxd1+ 9. Nxd1 bxc6 10. Ne3 Be6 11. Bc4 Nd5 12. Bb3 Bb4+ 13. Bd2 Nxe3 14. fxe3 Bxd2+ 15. Kxd2 Rd8+ 16. Kc3 Bd5 17. Bxd5 cxd5 18. Rad1 Ke7 19. b4 Ke6 20. Rd3 f5 21. a4 g5 22. g3 Rc8+ 23. Kd2 Rc4 24. Rb1 h5 25. a5 h4 26. g4 Rxg4 27. b5 Rg2+ 28. Kc1 Rg1+ 29. Rd1 Rxd1+ 30. Kxd1 Rb8 31. Kd2 Kd6 32. b6 axb6 33. axb6 Kc6 34. Rf1 Rf8 35. Rb1 Rf7 36. Kd3 g4 37. c4 dxc4+ 38. Kxc4 f4 39. exf4 exf4 40. Kd3 Kb7 41. Ke2 Rf6 42. Rb4 f3+ 43. Kf1 g3 44. hxg3 hxg3 45. Rb3 Rf5 46. Rb1 Rh5 0-1

[Event "Bern op"]
[Site "Bern"]
[Date "1989.??.??"]
[Round "?"]
[White "Forgacs, Gyula"]
[Black "Flueckiger, Christian"]
[Result "1-0"]
[WhiteElo "2340"]
[BlackElo "2260"]
[PlyCount "71"]
[EventDate "1989.02.??"]
[EventType "swiss"]
[EventRounds "7"]
[EventCountry "SUI"]
[SourceTitle "EXT 1997"]
[Source "ChessBase"]
[SourceDate "1996.11.15"]
[SourceVersion "1"]
[SourceVersionDate "1996.11.15"]
[SourceQuality "1"]

1. e4 c5 2. Nf3 d6 3. d4 cxd4 4. Nxd4 Nf6 5. Nc3 g6 6. Be3 Bg7 7. f3 0-0 8. Qd2 Nc6 9. g4 Be6 10. 0-0-0 Nxd4 11. Bxd4 Qa5 12. Kb1 Rfc8 13. a3 Rab8 14. h4 b5 15. Nd5 Qxd2 16. Rxd2 Bxd5 17. exd5 Rc7 18. Bh3 Nd7 19. g5 Ne5 20. Rf1 Nc4 21. Rd3 Bxd4 22. Rxd4 b4 23. a4 Ne3 24. Rf2 Rc5 25. Rfd2 Rb7 26. f4 a5 27. R4d3 Nc4 28. Rf2 Rbc7 29. h5 Nb6 30. hxg6 hxg6 31. Bg2 Kg7 32. Be4 Rc8 33. Rh2 Rh8 34. Rxh8 Kxh8 35. b3 Kg7 36. Kb2 1-0

[Event "Bern op"]
[Site "Bern"]
[Date "1989.??.??"]
[Round "?"]
[White "Forgacs, Gyula"]
[Black "Marangunic, Srdjan"]
[Result "1/2-1/2"]
[WhiteElo "2340"]
[BlackElo "2460"]
[PlyCount "67"]
[EventDate "1989.02.??"]
[EventType "swiss"]
[EventRounds "7"]
[EventCountry "SUI"]
[SourceTitle "EXT 1997"]
[Source "ChessBase"]
[SourceDate "1996.11.15"]
[SourceVersion "1"]
[SourceVersionDate "1996.11.15"]
[SourceQuality "1"]

1. e4 g6 2. d4 Bg7 3. Nc3 d6 4. Be3 c6 5. Qd2 Qc7 6. f3 b5 7. a4 b4 8. Nd1 a5 9. c4 bxc3 10. bxc3 Nf6 11. Bh6 0-0 12. h4 e5 13. h5 d5 14. Bxg7 Kxg7 15. Qg5 h6 16. Qxe5 Qxe5 17. dxe5 Nxh5 18. exd5 cxd5 19. Bb5 Nd7 20. Bxd7 Bxd7 21. Ne2 f5 22. Ne3 f4 23. Nxd5 Rae8 24. Kf2 Rxe5 25. Rhd1 Bc6 26. c4 g5 27. Nd4 Rb8 28. Rab1 Rxb1 29. Rxb1 Bxd5 30. Rb5 Ng3 31. Rxd5 Nh1+ 32. Kf1 Ng3+ 33. Kf2 Nh1+ 34. Kf1 1/2-1/2

[Event "Caorle op"]
[Site "Caorle"]
[Date "1989.??.??"]
[Round "2"]
[White "Forgacs, Gyula"]
[Black "Taimanov, Mark E"]
[Result "1/2-1/2"]
[WhiteElo "2340"]
[BlackElo "2480"]
[PlyCount "31"]
[EventDate "1989.07.??"]
[EventType "swiss"]
[EventRounds "8"]
[EventCountry "ITA"]
[SourceTitle "EXT 2000"]
[Source "ChessBase"]
[SourceDate "1999.11.16"]
[SourceVersion "1"]
[SourceVersionDate "1999.11.16"]
[SourceQuality "1"]

1. e4 c5 2. Nf3 e6 3. d4 cxd4 4. Nxd4 Nc6 5. Nc3 a6 6. Nxc6 bxc6 7. Bd3 d5 8. 0-0 Nf6 9. f4 Be7 10. Kh1 0-0 11. e5 Nd7 12. Bxh7+ Kxh7 13. Qh5+ Kg8 14. Rf3 f5 15. Rh3 Nc5 16. Qg6 1/2-1/2

[Event "HUN-chT"]
[Site "Hungary"]
[Date "1989.??.??"]
[Round "1"]
[White "Karsa, Laszlo"]
[Black "Forgacs, Gyula"]
[Result "1-0"]
[WhiteElo "2395"]
[BlackElo "2340"]
[PlyCount "121"]
[EventDate "1989.??.??"]
[EventType "team"]
[EventRounds "13"]
[EventCountry "HUN"]
[SourceTitle "EXT 2009"]
[Source "ChessBase"]
[SourceDate "2008.11.26"]
[SourceVersion "1"]
[SourceVersionDate "2008.11.26"]
[SourceQuality "1"]

1. d4 Nf6 2. g3 g6 3. Bg2 Bg7 4. e4 d6 5. Ne2 0-0 6. Nbc3 e5 7. h3 c6 8. Be3 Nbd7 9. 0-0 Re8 10. a4 Qe7 11. f4 exd4 12. Bxd4 Nc5 13. Bxc5 dxc5 14. e5 Nd7 15. Ne4 f6 16. Nd6 Rd8 17. Qd3 Nb6 18. a5 fxe5 19. axb6 Qxd6 20. Qxd6 Rxd6 21. Rxa7 Rb8 22. Nc3 exf4 23. Ne4 Rd8 24. Rxf4 Bxb2 25. Kh2 Be5 26. Rf3 c4 27. Ra5 Bd4 28. c3 Bf5 29. Nc5 Bg7 30. Ra7 Rd2 31. Re3 Bc8 32. Re8+ Kf7 33. Rxc8 Rxc8 34. Rxb7+ Kg8 35. Rc7 Rdd8 36. Rxc8 Rxc8 37. b7 Rb8 38. Bxc6 Bf8 39. Nd7 Bd6 40. Bd5+ Kg7 41. Nxb8 Bxb8 42. Bxc4 Kf6 43. Kg2 g5 44. Kf3 Ke5 45. Kg4 Kf6 46. Kf3 Ke5 47. Ke3 Ba7+ 48. Kd3 h6 49. Bf7 Kd6 50. Ke4 Ke7 51. Bb3 Bb8 52. g4 Kd6 53. Bd5 Ba7 54. c4 Kc7 55. Kf5 Bf2 56. Kg6 Kb8 57. Kxh6 Bh4 58. Kg6 Kc7 59. Kf7 Kb8 60. c5 Kc7 61. c6 1-0

[Event "Bern op"]
[Site "Bern"]
[Date "1989.??.??"]
[Round "?"]
[White "Raicevic, Momcilo"]
[Black "Forgacs, Gyula"]
[Result "1-0"]
[WhiteElo "2390"]
[BlackElo "2340"]
[PlyCount "77"]
[EventDate "1989.02.??"]
[EventType "swiss"]
[EventRounds "7"]
[EventCountry "SUI"]
[SourceTitle "EXT 1997"]
[Source "ChessBase"]
[SourceDate "1996.11.15"]
[SourceVersion "1"]
[SourceVersionDate "1996.11.15"]
[SourceQuality "1"]

1. d4 Nf6 2. c4 g6 3. Nc3 Bg7 4. e4 d6 5. Nge2 c6 6. f3 a6 7. Be3 b5 8. Ng3 Nbd7 9. Qd2 Bb7 10. Be2 0-0 11. 0-0 e5 12. dxe5 dxe5 13. Rfd1 Qe7 14. Qd6 Qxd6 15. Rxd6 Rfe8 16. Rad1 Nf8 17. a4 b4 18. Na2 a5 19. Nc1 Ne6 20. Nb3 Bf8 21. Bb6 Bxd6 22. Rxd6 Reb8 23. c5 Ne8 24. Rd2 Bc8 25. Nf1 Nf4 26. Bc4 Be6 27. Ne3 Bc8 28. Nxa5 Rxa5 29. Bxa5 Kf8 30. Bb6 Ne6 31. Nc2 Ke7 32. Nxb4 Bb7 33. a5 Nd4 34. a6 Ba8 35. a7 Rb7 36. Rxd4 exd4 37. Nxc6+ Kf8 38. Nxd4 Rd7 39. Bd5 1-0

[Event "Wiesbaden op"]
[Site "Wiesbaden"]
[Date "1988.??.??"]
[Round "9"]
[White "Forgacs, Gyula"]
[Black "Kallai, Gabor"]
[Result "0-1"]
[WhiteElo "2370"]
[BlackElo "2450"]
[PlyCount "60"]
[EventDate "1988.08.27"]
[EventType "swiss"]
[EventRounds "9"]
[EventCountry "GER"]
[SourceTitle "GER"]
[Source "ChessBase"]
[SourceDate "1999.07.01"]
[SourceVersion "1"]
[SourceVersionDate "1999.07.01"]
[SourceQuality "1"]

1. e4 c6 2. d4 d5 3. e5 Bf5 4. Nc3 e6 5. g4 Bg6 6. Nge2 c5 7. Be3 Nc6 8. dxc5 Nxe5 9. Nd4 Nd7 10. Bb5 a6 11. Ba4 Bxc5 12. Nxe6 fxe6 13. Bxd7+ Qxd7 14. Bxc5 Nf6 15. Qe2 Rc8 16. Bd4 0-0 17. 0-0-0 b5 18. Rd2 b4 19. Bxf6 Rxf6 20. Nb1 Rf4 21. Re1 Rfc4 22. Qxe6+ Qxe6 23. Rxe6 Bxc2 24. b3 R4c5 25. Kb2 Be4 26. Re2 Rc1 27. R6xe4 dxe4 28. Rxe4 R8c2+ 29. Ka1 Rxf2 30. Rc4 Rh1 0-1

[Event "Wiesbaden op"]
[Site "Wiesbaden"]
[Date "1988.??.??"]
[Round "4"]
[White "Vogler, Tilmann"]
[Black "Forgacs, Gyula"]
[Result "1-0"]
[WhiteElo "2210"]
[BlackElo "2370"]
[PlyCount "77"]
[EventDate "1988.08.27"]
[EventType "swiss"]
[EventRounds "9"]
[EventCountry "GER"]
[SourceTitle "GER"]
[Source "ChessBase"]
[SourceDate "1999.07.01"]
[SourceVersion "1"]
[SourceVersionDate "1999.07.01"]
[SourceQuality "1"]
[WhiteTeam "Schwarzenbach"]
[WhiteTeamCountry "GER"]

1. d4 Nf6 2. Nc3 g6 3. e4 d6 4. Bg5 Bg7 5. f4 c6 6. Qd2 0-0 7. Bd3 Qb6 8. Nge2 Qxb2 9. Rb1 Qa3 10. 0-0 h6 11. Bh4 Qa5 12. Qe1 g5 13. fxg5 hxg5 14. Nd5 Qd8 15. Nxf6+ exf6 16. Bf2 Re8 17. Qd1 Nd7 18. Ng3 Nf8 19. Nh5 b6 20. Qf3 Bb7 21. Be3 Nh7 22. h4 Qe7 23. Rbe1 c5 24. Qg3 c4 25. Bxc4 Qxe4 26. Bxg5 Qxg2+ 27. Qxg2 Bxg2 28. Kxg2 Rxe1 29. Rxe1 fxg5 30. Nxg7 Kxg7 31. Re7 Rf8 32. hxg5 Nxg5 33. Rxa7 Kg6 34. Rd7 Rc8 35. Rxd6+ f6 36. Bd3+ Kh5 37. Rxb6 Rd8 38. Rxf6 Rxd4 39. Be2+ 1-0

[Event "Cappelle op 03rd"]
[Site "Cappelle la Grande"]
[Date "1987.03.02"]
[Round "1"]
[White "Schneider, Attila"]
[Black "Forgacs, Gyula"]
[Result "1/2-1/2"]
[WhiteElo "2445"]
[BlackElo "2345"]
[PlyCount "42"]
[EventDate "1987.03.02"]
[EventType "swiss"]
[EventRounds "9"]
[EventCountry "FRA"]
[SourceTitle "EXT 2004"]
[Source "ChessBase"]
[SourceDate "2003.11.25"]
[SourceVersion "1"]
[SourceVersionDate "2003.11.25"]
[SourceQuality "1"]

1. d4 Nf6 2. c4 g6 3. Nc3 Bg7 4. e4 d6 5. Nf3 0-0 6. Be2 e5 7. dxe5 dxe5 8. Qxd8 Rxd8 9. Bg5 Re8 10. Nd5 Nxd5 11. cxd5 c6 12. Bc4 cxd5 13. Bxd5 Nc6 14. Bxc6 bxc6 15. 0-0 Be6 16. Rfc1 Reb8 17. b3 a5 18. Rxc6 a4 19. bxa4 Rxa4 20. Nd2 Rxa2 21. Rxa2 Bxa2 1/2-1/2

[Event "Delmenhorst"]
[Site "Delmenhorst"]
[Date "1987.??.??"]
[Round "?"]
[White "Forgacs, Gyula"]
[Black "Breutigam, Martin"]
[Result "0-1"]
[WhiteElo "2345"]
[BlackElo "2275"]
[PlyCount "56"]
[EventDate "1987.??.??"]
[EventType "tourn"]
[EventRounds "9"]
[EventCountry "GER"]
[SourceTitle "TD"]
[Source "ChessBase"]
[SourceDate "1994.03.01"]
[SourceVersion "1"]
[SourceVersionDate "1994.03.01"]
[SourceQuality "1"]

1. e4 e6 2. d3 d5 3. Nd2 Nf6 4. Ngf3 c5 5. g3 Nc6 6. Bg2 Be7 7. 0-0 b6 8. Re1 Bb7 9. a3 Qc7 10. c3 0-0-0 11. b4 dxe4 12. dxe4 Nd7 13. Qa4 Bf6 14. Bb2 Nce5 15. Bf1 Kb8 16. Qb3 g5 17. Rac1 g4 18. Nd4 Bg5 19. Nb5 Qc6 20. Nd4 Qd6 21. bxc5 bxc5 22. f4 gxf3 23. Rcd1 cxd4 24. cxd4 Qb6 25. Qxb6 Nxb6 26. d5 Bf6 27. Bxe5+ Bxe5 28. Nxf3 Bf6 0-1